Tramwaje Warszawa- Linia 4 (przystanki) - Statystyki

Ogólne statystyki
  • Ten quiz został rozwiązany 162 razy
  • Średni wynik to 23 z 38
Statystyki odpowiedzi
Numer przystanku Nazwa przystanku % Poprawnych
1. Wyścigi
85%
16. Centrum
79%
38. Żerań Wschodni
79%
21. Stare Miasto
75%
23. Dworzec Wileński
74%
18. Królewska
71%
17. Metro Swiętokrzyska
71%
20. Metro Ratusz-Arsenał
70%
19. Plac Bankowy
70%
4. Metro Wilanowska
69%
14. Plac Konstytucji
67%
22. Park Praski
65%
26. Rondo Żaba
65%
34. Toruńska
65%
15. Hoża
64%
6. Królikarnia
64%
13. Plac Zbawiciela
64%
12. Plac Unii Lubelskiej
63%
9. Morskie Oko
61%
29. Budowlana
59%
28. Pożarowa
58%
2. Aleja Lotników
56%
24. Inżynierska
55%
31. Rembielińska
55%
37. Faradaya
54%
33. Kondratowicza
54%
11. Rakowiecka
53%
30. Julianowska
52%
25. Bródnowska
51%
8. Park Dreszera
51%
36. Odlewnicza
49%
32. Poborzańska
49%
3. Niedźwiedzia
48%
27. Staniewicka
48%
35. Inowłodzka
47%
10. Dworkowa
46%
5. Bukowińska
44%
7. Malczewskiego
40%
Nie znaleziono quizów pasujących do podanych kryteriów
Rozkład punktacji
Procent ludzi z każdym wynikiem
Percentyl według liczby udzielonych odpowiedzi
Twoja historia wyników
Nie rozwiązałeś tego quizu